000 00673cab a2200217 4500
001 ABS39363
008 090401t1988 xxu||||| |||| 00| 0 eng d
035 _a(Sirsi) u16149
041 _aeng
100 _aWilliams, B.
245 _aOptimising space use
260 _c1988
350 _a0
490 _aFacilities
_v6(5) May 1988, 5-9(5)
520 _aAn organisation with a premises problem has to consider several points, including how to rectify that problem and how to secure the best use of the premises in the longer term.
650 _aSPACE PLANNING
690 _aPLANNING LAW AND PRACTICE
700 _aHarris, R.
942 _n0
948 _c04/03/1997
999 _c10617
_d10617